000 01323cam a2200373Ma 4500
001 90057
005 20230404130038.0
008 970325s2005 cu aeo b 000 0 spa d
035 _a(OCoLC)ocn298937828
040 _aUTO
_cUTO
_dIXA
_dOCLCQ
020 _a9590106706
020 _a9789590106705
035 _a(OCoLC)298937828
043 _anwcu---
050 1 4 _a107 F 1795
_bL123c 2005
082 0 0 _a972.91/24064
100 1 _aLabori Ripoll, Haydée,
_d1934
245 1 3 _aLa capital en el Moncada /
_cHaydee Labori Ripoll, Teresa Andux Gonzalez, Jose M. Leyva Mestre; prólogo Jesús Montané Oropesa.
250 _a2a ed. ampliada
260 _aLa Habana :
_bEditora Política,
_c2005.
300 _ax, 126 p. :
_bill., maps., planos ;
_c24 cm.
504 _aIncludes bibliographical references.(p.125-126)
650 0 _aHistoric sites
_zCuba
_zHavana (Province)
651 0 _aHavana (Cuba : Province)
_xHistory.
651 0 _aCuba
_xHistory
_yMoncada Barracks Attack, 1953.
650 0 _aSitios históricos
_zCuba
_zHabana (provincia)
651 4 _aHabana (Cuba: Provincia)
_xHistoria
651 4 _aCuba
_xHistoria
_yMoncada ataques de los cuarteles, 1953
700 1 _aAndux González, Teresa,
_d1944
700 1 _aLeyva Mestre, José M.,
_d1914
942 _2lcc
_cbk
994 _aC0
_bDRFGD
946 _aMF
999 _c9838
_d9838